000 00767nam a2200217Ii 4500
003 JO-AjNU
008 230605s9999||||xx |||||||||||||| ||und||
017 _a1991/208
040 _aJO-AjNU
_bara
_erda
_cJO-AjNU
041 _aara
050 1 4 _aPJ7692 .E8 .M3412 1990
100 3 _aتاليف لانستك، م.ه؛ ترجمة رياض العطار,
_eauthor
_952605
245 0 0 _aمخبأ في جبل الأيائل
250 _aالطبعة العربية الاولى
264 3 1 _aبغداد: وزارة الثقافة والاعلام، 1990
300 _a148ص
336 _atext
_btxt
_2rdacontent
337 _aunmediated
_bn
_2rdamedia
338 _avolume
_bnc
_2rdacarrier
650 4 _aقصص مترجمة - مخبا في جبل اليائل
_952606
999 _aA23313
_c26881
_d26881